Statistics for Guess the Language

Click here to take the quiz!

General Stats

  • This quiz has been taken 89 times
  • The average score is 11 of 15

Answer Stats

QuestionAnswer% Correct
J'ai dix ans [not true :)]French
94%
Ich weiß nichtGerman
94%
Io sono un ragazzoItalian
93%
Vă doresc o zi plăcutăRomanian
93%
El hombre esta en la ciudadSpanish
91%
Eu sou um pãoPortuguese
89%
UmferðarmiðstöðIcelandic
88%
Ik woon in AmerikaDutch
80%
Viri in urbe suntLatin
80%
M'ho pot repetir, sisplauCatalan
78%
Schwätzt wann ech glift méi luesLuxembourgish
60%
Skulle du kunna skriva ned det åt migSwedish
59%
Jeg forstår det veldig godtNorwegian
43%
Hvor meget koster det?Danish
39%
SchlimazelYiddish
35%

Score Distribution

Percentile by Number Answered

Percent of People with Each Score

Your Score History

You have not taken this quiz